[Event "Over 1800"]
[Site "Calgary"]
[Date "2011.09.03"]
[Round "3"]
[White "Ebrahim-Shirazi, Behrooz"]
[Black "Haynes, Nicolas"]
[Result "1/2-1/2"]
[WhiteElo "2058"]
[BlackElo "2321"]
[PlyCount "123"]
[EventDate "2011.09.03"]
[EventType "swiss"]
[EventRounds "5"]
[EventCountry "CAN"]

1. d4 Nf6 2. c4 e6 3. Nc3 d5 4. cxd5 exd5 5. Bg5 Be7 6. Qc2 c6 7. e3 Nbd7 8.
Bd3 Nf8 9. Nf3 g6 10. h3 Ne6 11. Bh4 Ng7 12. g4 Be6 13. Ne5 Nd7 14. Bg3 Bf6 15.
f4 Bh4 16. Qf2 Nxe5 17. fxe5 Bxg3 18. Qxg3 Qg5 19. Qf2 h5 20. h4 Qxg4 21. Kd2
Bc8 22. e4 Qe6 23. exd5 cxd5 24. Nb5 O-O 25. Nc7 Qb6 26. Nxa8 Qa5+ 27. Ke3 Bf5
28. Rhg1 Bxd3 29. Kxd3 Rxa8 30. Raf1 Qc7 31. Qf6 Re8 32. Rc1 Qa5 33. Rgf1 Rf8
34. Qe7 Ne6 35. Rf6 Qb5+ 36. Ke3 Qxb2 37. Rxg6+ fxg6 38. Qxe6+ Kh8 39. Rc8 Qa3+
40. Ke2 Qxa2+ 41. Ke3 Qf2+ 42. Kd3 Qf1+ 43. Ke3 Qf4+ 44. Kd3 Qe4+ 45. Kc3 Qe3+
46. Kc2 Qf2+ 47. Kb3 Qe3+ 48. Ka2 Qd2+ 49. Kb3 Qd3+ 50. Ka2 Qd2+ 51. Kb3 Qd1+
52. Ka2 Qa4+ 53. Kb1 Qb5+ 54. Ka2 Qa4+ 55. Kb1 Qb5+ 56. Ka2 Rxc8 57. Qxc8+ Kg7
58. Qc7+ Kh6 59. Qc1+ Kg7 60. Qc7+ Kf8 61. Qd6+ Kg7 62. Qf6+ 1/2-1/2

[Event "Over 1800"]
[Site "Calgary"]
[Date "2011.09.03"]
[Round "3"]
[White "Yam, Alex"]
[Black "Kazmaier, Daniel"]
[Result "0-1"]
[WhiteElo "2308"]
[BlackElo "2250"]
[PlyCount "84"]
[EventDate "2011.09.03"]
[EventType "swiss"]
[EventRounds "5"]
[EventCountry "CAN"]

1. e4 e6 2. d4 d5 3. Nc3 Nf6 4. Bg5 Be7 5. e5 Nfd7 6. h4 Bxg5 7. hxg5 Qxg5 8.
Nh3 Qe7 9. Qg4 g6 10. Bd3 a6 11. f4 Nc6 12. O-O-O Nxd4 13. Ng5 h5 14. Qh4 c5
15. g4 Nb6 16. Qf2 Bd7 17. gxh5 gxh5 18. Nh7 O-O-O 19. Rxh5 Nb5 20. Nxb5 Bxb5
21. Bxb5 axb5 22. Rdh1 d4 23. Ng5 Rhf8 24. Rh7 c4 25. Rd1 c3 26. Rxd4 cxb2+ 27.
Kb1 Rxd4 28. Qxd4 Rd8 29. Qc3+ Nc4 30. Rh1 Qd7 31. Qd3 Qc6 32. Qh3 Qd5 33. Qh5
Qd4 34. a3 Nxa3+ 35. Ka2 b1=Q+ 36. Rxb1 Nxb1 37. Kxb1 Qb4+ 38. Ka2 Rd2 39. Qh8+
Kc7 40. Qh7 Qc3 41. Qxf7+ Kb6 42. Qxe6+ Ka5 0-1

[Event "Over 1800"]
[Site "Calgary"]
[Date "2011.09.04"]
[Round "4"]
[White "Daniluk, Jim"]
[Black "Perron, Sean"]
[Result "1/2-1/2"]
[WhiteElo "2010"]
[BlackElo "2078"]
[PlyCount "118"]
[EventDate "2011.09.03"]
[EventType "swiss"]
[EventRounds "5"]
[EventCountry "CAN"]

1. d4 Nf6 2. c4 g6 3. Nc3 d5 4. g3 dxc4 5. Bg2 Bg7 6. Qa4+ Nfd7 7. Nf3 O-O 8.
Qxc4 Nb6 9. Qb3 Nc6 10. O-O Be6 11. Qd1 Nxd4 12. Nxd4 Qxd4 13. Bxb7 Rab8 14.
Qxd4 Bxd4 15. Bf3 Nc4 16. Nd5 Bxd5 17. Bxd5 Nxb2 18. Bxb2 Bxb2 19. Rad1 Rfd8
20. Bb3 Kf8 21. e3 e6 22. Rb1 Ba3 23. Rfd1 Ke7 24. Kf1 a5 25. Ke2 Rxd1 26. Rxd1
Rb4 27. Rd3 Bb2 28. Rd2 Be5 29. Rc2 a4 30. Bc4 a3 31. f4 Bd6 32. Bb3 e5 33. Rc4
exf4 34. Rxb4 f3+ 35. Kxf3 Bxb4 36. g4 h6 37. Bc2 Bd2 38. Ke4 Bc1 39. Bb3 f6
40. Bg8 f5+ 41. gxf5 gxf5+ 42. Kf4 Kf6 43. Bh7 Bd2 44. Bg8 Bb4 45. h3 Bd6+ 46.
Kf3 Ke5 47. Bf7 Be7 48. Bg8 h5 49. Bf7 h4 50. Bg8 Bg5 51. Bf7 c6 52. Bc4 Bf6
53. Bb3 c5 54. Bc4 f4 55. exf4+ Kd4 56. Bf7 Kd3 57. Bg6+ Kd2 58. Bf7 Kd3 59.
Bg6+ Kd2 1/2-1/2

[Event "Over 1800"]
[Site "Calgary"]
[Date "2011.09.04"]
[Round "4"]
[White "Ebrahim-Shirazi, Behrooz"]
[Black "Willis, Bradley"]
[Result "1-0"]
[WhiteElo "2058"]
[BlackElo "2088"]
[PlyCount "42"]
[EventDate "2011.09.03"]
[EventType "swiss"]
[EventRounds "5"]
[EventCountry "CAN"]

1. d4 e6 2. c4 f5 3. g3 Nf6 4. Bg2 Bb4+ 5. Nd2 a5 6. Ngf3 Nc6 7. O-O Bxd2 8.
Bxd2 O-O 9. Rc1 d6 10. Bg5 Qe8 11. d5 Nd8 12. Nd4 e5 13. Nb5 Qe7 14. c5 dxc5
15. Be3 Ne8 16. Bxc5 Nd6 17. Ba3 Qf7 18. Nxc7 Rb8 19. Ne6 Re8 20. Rc7 Qf6 21.
Bxd6 Bxe6 1-0

[Event "Over 1800"]
[Site "Calgary"]
[Date "2011.09.04"]
[Round "4"]
[White "Haynes, Nicolas"]
[Black "Rekhson, Vladislav"]
[Result "1-0"]
[WhiteElo "2321"]
[BlackElo "2138"]
[PlyCount "67"]
[EventDate "2011.09.03"]
[EventType "swiss"]
[EventRounds "5"]
[EventCountry "CAN"]

1. d4 d5 2. c4 e6 3. Nf3 Nf6 4. g3 c6 5. Qc2 Be7 6. Bg2 O-O 7. O-O Nbd7 8. b3
Ne4 9. Ne5 Nxe5 10. dxe5 f5 11. Bb2 Bd7 12. Kh1 Be8 13. Nc3 Bg6 14. f4 Qb6 15.
Nxe4 fxe4 16. Bh3 Bf5 17. g4 Bg6 18. f5 exf5 19. gxf5 Qe3 20. Qc3 Qxc3 21. Bxc3
Bh5 22. f6 Bc5 23. Be6+ Kh8 24. cxd5 cxd5 25. Bxd5 gxf6 26. exf6 h6 27. f7+ Kh7
28. Bxe4+ Bg6 29. Bxg6+ Kxg6 30. Rf6+ Kg5 31. Raf1 Bb6 32. R1f5+ Kg4 33. Kg2
Be3 34. h3+ 1-0

[Event "Over 1800"]
[Site "Calgary"]
[Date "2011.09.04"]
[Round "4"]
[White "Kazmaier, Daniel"]
[Black "Tot, Nandor"]
[Result "1-0"]
[WhiteElo "2250"]
[BlackElo "2066"]
[PlyCount "81"]
[EventDate "2011.09.03"]
[EventType "swiss"]
[EventRounds "5"]
[EventCountry "CAN"]

1. d4 Nf6 2. Bg5 d5 3. Bxf6 exf6 4. e3 g6 5. Ne2 Bg7 6. c4 dxc4 7. Qa4+ Bd7 8.
Qxc4 O-O 9. Nbc3 a6 10. g3 b5 11. Qb3 Bc6 12. d5 Bb7 13. Rd1 Nd7 14. Bg2 f5 15.
O-O Nb6 16. Nd4 Qd6 17. Ne6 Rfe8 18. Nxg7 Kxg7 19. Rd4 Rad8 20. Rfd1 Qe5 21. a4
bxa4 22. Nxa4 Rd6 23. Nc5 Bc8 24. Qa3 Nd7 25. b4 Nf6 26. Qa5 Qe7 27. Bf1 Ne4
28. Qa1 Kg8 29. Bg2 Nf6 30. Bf1 Ne4 31. Bd3 Nxf2 32. Kxf2 Qxe3+ 33. Kg2 g5 34.
Bf1 Rh6 35. Qc1 Rxh2+ 36. Kxh2 Qf2+ 37. Kh1 f4 38. Qd2 Qxg3 39. Qh2 Qf3+ 40.
Bg2 Qf2 41. Be4 1-0

[Event "Over 1800"]
[Site "Calgary"]
[Date "2011.09.04"]
[Round "5"]
[White "Perron, Sean"]
[Black "Kalaydina, Nicka"]
[Result "1-0"]
[WhiteElo "2078"]
[BlackElo "1945"]
[PlyCount "63"]
[EventDate "2011.09.03"]
[EventType "swiss"]
[EventRounds "5"]
[EventCountry "CAN"]

1. e4 d5 2. exd5 Qxd5 3. Nc3 Qd6 4. d4 Nf6 5. Nf3 a6 6. Be2 b5 7. O-O Bb7 8. a4
b4 9. Nb1 e6 10. Nbd2 Nc6 11. Nc4 Qd8 12. Bg5 Be7 13. a5 O-O 14. Re1 Nd5 15.
Bxe7 Ncxe7 16. Nce5 Rc8 17. Nd3 Ra8 18. Nc5 Bc8 19. Bc4 Qd6 20. Ne5 Nf6 21. c3
Ned5 22. Qf3 Rb8 23. Rad1 h6 24. Rd3 Bb7 25. Nxb7 Rxb7 26. Rdd1 Rfb8 27. Qd3
Nf4 28. Qf1 N4d5 29. Rc1 bxc3 30. bxc3 Rb2 31. Bxa6 Ra8 32. Nc4 1-0

[Event "Over 1800"]
[Site "Calgary"]
[Date "2011.09.04"]
[Round "5"]
[White "Rekhson, Vladislav"]
[Black "Kazmaier, Daniel"]
[Result "0-1"]
[WhiteElo "2138"]
[BlackElo "2250"]
[PlyCount "54"]
[EventDate "2011.09.03"]
[EventType "swiss"]
[EventRounds "5"]
[EventCountry "CAN"]

1. e4 e5 2. Nf3 Nc6 3. Bb5 a6 4. Ba4 Nf6 5. O-O b5 6. Bb3 Be7 7. Re1 O-O 8. d3
d6 9. c3 Na5 10. Bc2 c5 11. Nbd2 Re8 12. Nf1 Bf8 13. Ng3 Bb7 14. Nf5 h6 15. h3
d5 16. Qe2 c4 17. exd5 cxd3 18. Qxd3 e4 19. Qd4 exf3 20. Rxe8 Nxe8 21. Qg4 Kh8
22. Be3 Nf6 23. Qg3 Nxd5 24. Rd1 Qf6 25. Bd4 Qg5 26. gxf3 Nf4 27. Kh2 Ne6 0-1

[Event "Over 1800"]
[Site "Calgary"]
[Date "2011.09.04"]
[Round "5"]
[White "Tot, Nandor"]
[Black "Ebrahim-Shirazi, Behrooz"]
[Result "1/2-1/2"]
[WhiteElo "2066"]
[BlackElo "2058"]
[PlyCount "64"]
[EventDate "2011.09.03"]
[EventType "swiss"]
[EventRounds "5"]
[EventCountry "CAN"]

1. Nf3 d5 2. g3 Nf6 3. Bg2 e6 4. O-O Be7 5. c4 O-O 6. b3 c5 7. Bb2 Nc6 8. e3 d4
9. exd4 Nxd4 10. Re1 Rb8 11. Nc3 a6 12. Ne2 Nxf3+ 13. Bxf3 b5 14. Rc1 Qd3 15.
Nf4 Qd7 16. d4 cxd4 17. Qxd4 Qxd4 18. Bxd4 Bb7 19. Bxb7 Rxb7 20. cxb5 axb5 21.
Bc5 Bxc5 22. Rxc5 Rd8 23. Re2 Kf8 24. Rec2 Rdd7 25. Kf1 Ke7 26. Ke2 h6 27. f3
g5 28. Nd3 Nd5 29. Rc8 Rd8 30. R8c5 b4 31. R5c4 Ra8 32. Kf2 Kf6 1/2-1/2

[Event "Over 1800"]
[Site "Calgary"]
[Date "2011.09.04"]
[Round "5"]
[White "Yam, Alex"]
[Black "Haynes, Nicolas"]
[Result "0-1"]
[WhiteElo "2308"]
[BlackElo "2321"]
[PlyCount "76"]
[EventDate "2011.09.03"]
[EventType "swiss"]
[EventRounds "5"]
[EventCountry "CAN"]

1. e4 e6 2. d3 d5 3. Nd2 Nf6 4. Ngf3 c5 5. g3 Nc6 6. Bg2 Be7 7. O-O Qc7 8. Re1
dxe4 9. dxe4 e5 10. c3 O-O 11. Qe2 Rd8 12. Nf1 h6 13. Nh4 Be6 14. Ne3 g6 15.
Rf1 Qd7 16. Rd1 Qe8 17. Nd5 g5 18. Nf5 Bxf5 19. exf5 Nxd5 20. Bxd5 Bf6 21. Be3
Nd4 22. cxd4 exd4 23. Qf3 dxe3 24. fxe3 Qe5 25. Rac1 Rac8 26. e4 b6 27. Rc2 Kg7
28. b3 Re8 29. Rg2 Red8 30. Rgd2 b5 31. Rc2 c4 32. bxc4 bxc4 33. Rb1 Rc7 34.
Kg2 c3 35. Rb3 Rd6 36. Qf2 Qd4 37. Qxd4 Bxd4 38. Kf3 f6 0-1

[Event "Under 1800"]
[Site "Calgary"]
[Date "2011.09.03"]
[Round "1"]
[White "Lalla, Seth"]
[Black "Li, Zeling"]
[Result "0-1"]
[WhiteElo "892"]
[BlackElo "1024"]
[PlyCount "71"]
[EventDate "2011.09.03"]
[EventType "swiss"]
[EventRounds "5"]
[EventCountry "CAN"]

1. e4 c5 2. Nc3 Nc6 3. Nf3 d6 4. Bc4 Bg4 5. h3 Bh5 6. O-O Ne5 7. Qe2 Bxf3 8.
gxf3 e6 9. d3 Qf6 10. f4 Nxc4 11. dxc4 Qg6+ 12. Kh1 Ne7 13. Rg1 Qf6 14. Qf3 g6
15. Nb5 Rd8 16. Nc7+ Kd7 17. Nb5 a6 18. Na7 Ra8 19. Qb3 Rxa7 20. Qa4+ Nc6 21.
Be3 Qh4 22. Qb3 Bg7 23. Bd2 Nd4 24. Qe3 Nxc2 25. Qf3 Nxa1 26. Rxa1 Bxb2 27. Rg1
Bd4 28. Be1 a5 29. a3 a4 30. Rg4 Qh5 31. Rg3 Qxf3+ 32. Rxf3 Ra6 33. Rg3 Rb6 34.
Rg1 Rb1 35. Rf1 Bxf2 36. Bxf2 0-1

[Event "Under 1800"]
[Site "Calgary"]
[Date "2011.09.03"]
[Round "1"]
[White "Ong, Raymond"]
[Black "Stacey, George"]
[Result "1-0"]
[WhiteElo "1742"]
[BlackElo "1005"]
[PlyCount "53"]
[EventDate "2011.09.03"]
[EventType "swiss"]
[EventRounds "5"]
[EventCountry "CAN"]

1. d4 d5 2. Nf3 Nf6 3. Bf4 e6 4. e3 Be7 5. Be2 O-O 6. h3 b6 7. O-O Bb7 8. Nbd2
Nbd7 9. Re1 c5 10. c3 Re8 11. Bd3 Nf8 12. Ne5 N6d7 13. Bb5 f6 14. Nc6 Bxc6 15.
Bxc6 e5 16. Bxa8 Qxa8 17. Bg3 cxd4 18. exd4 Bd6 19. Qb3 Ne6 20. Re2 Nc7 21.
Rae1 Kh8 22. Nf3 g6 23. dxe5 fxe5 24. Nxe5 Kg7 25. Nxd7 Rxe2 26. Rxe2 Bxg3 27.
fxg3 1-0

[Event "Under 1800"]
[Site "Calgary"]
[Date "2011.09.03"]
[Round "1"]
[White "Zhang, Derek"]
[Black "Davies, Jack"]
[Result "0-1"]
[WhiteElo "887"]
[BlackElo "1663"]
[PlyCount "38"]
[EventDate "2011.09.03"]
[EventType "swiss"]
[EventRounds "5"]
[EventCountry "CAN"]

1. e4 c5 2. Nc3 d6 3. f4 Nc6 4. Nf3 Nf6 5. Bc4 a6 6. a3 b5 7. Ba2 e6 8. O-O Be7
9. d3 O-O 10. Qe1 Qc7 11. Qg3 Bb7 12. f5 exf5 13. exf5 Kh8 14. Be3 b4 15. Na4
bxa3 16. Bxc5 Qa5 17. Bxa3 Qxa4 18. Bb3 Qg4 19. Qe1 Nd4 0-1

[Event "Under 1800"]
[Site "Calgary"]
[Date "2011.09.03"]
[Round "1"]
[White "Zhang, Xuyan"]
[Black "Jahraus, Brady"]
[Result "0-1"]
[WhiteElo "683"]
[BlackElo "1427"]
[PlyCount "32"]
[EventDate "2011.09.03"]
[EventType "swiss"]
[EventRounds "5"]
[EventCountry "CAN"]

1. e4 e5 2. Bc4 Nf6 3. Nc3 Bc5 4. Nf3 d6 5. d3 a6 6. Ng5 O-O 7. O-O h6 8. Nf3
Nc6 9. Qe2 Bg4 10. h3 Nd4 11. Qd1 Nxf3+ 12. gxf3 Bxh3 13. Re1 Nh5 14. f4 Qh4
15. Qe2 Qg3+ 16. Kh1 Qg2# 0-1

[Event "Under 1800"]
[Site "Calgary"]
[Date "2011.09.03"]
[Round "2"]
[White "Davies, Jack"]
[Black "Li, Zeling"]
[Result "1-0"]
[WhiteElo "1663"]
[BlackElo "1024"]
[PlyCount "84"]
[EventDate "2011.09.03"]
[EventType "swiss"]
[EventRounds "5"]
[EventCountry "CAN"]

1. e4 c5 2. Nf3 d6 3. d4 cxd4 4. Nxd4 e5 5. Nb5 Nf6 6. N1c3 a6 7. Na3 Nc6 8. f3
Be7 9. Be3 O-O 10. Qd2 b5 11. Nd5 Be6 12. O-O-O Rb8 13. Nxe7+ Qxe7 14. Qxd6
Qxd6 15. Rxd6 Nb4 16. Rxe6 fxe6 17. Bc5 Nxa2+ 18. Kb1 Rfc8 19. Bd6 Rb7 20. Kxa2
b4 21. Nc4 Rd7 22. Bxe5 Rd1 23. b3 Nd7 24. Kb2 Nxe5 25. Nxe5 Rd2 26. Bc4 Rc5
27. Bxe6+ Kh8 28. Nc4 Rxg2 29. Rd1 g6 30. Rd2 Rxd2 31. Nxd2 Rh5 32. Nf1 Re5 33.
Bd5 Rg5 34. Ng3 h5 35. f4 Rg4 36. f5 h4 37. Nf1 gxf5 38. Ne3 Rxe4 39. Bxe4 fxe4
40. Nd5 a5 41. c4 bxc3+ 42. Kxc3 Kg7 1-0

[Event "Under 1800"]
[Site "Calgary"]
[Date "2011.09.03"]
[Round "2"]
[White "Jahraus, Brady"]
[Black "Milne, Arthur"]
[Result "0-1"]
[WhiteElo "1427"]
[BlackElo "1764"]
[PlyCount "79"]
[EventDate "2011.09.03"]
[EventType "swiss"]
[EventRounds "5"]
[EventCountry "CAN"]

1. d4 d6 2. c4 e5 3. dxe5 dxe5 4. Qxd8+ Kxd8 5. Nf3 f6 6. Nc3 c6 7. h3 Be6 8.
e4 Nd7 9. Be3 Bc5 10. Bxc5 Nxc5 11. Rd1+ Kc7 12. Be2 Ne7 13. b4 Nd7 14. O-O Ng6
15. Nd5+ Bxd5 16. exd5 cxd5 17. cxd5 Kd6 18. g3 Rac8 19. Rc1 Nb6 20. Nd2 Rxc1
21. Rxc1 Rc8 22. Nc4+ Nxc4 23. Rxc4 Rxc4 24. Bxc4 Ne7 25. a3 Nxd5 26. Kf1 a6
27. b5 a5 28. Ke2 Kc5 29. Bb3 Nc3+ 30. Kd3 Nxb5 31. a4 Nd4 32. Bg8 h6 33. Kc3
b5 34. axb5 Nxb5+ 35. Kb3 Na7 36. Ka4 Nc6 37. Bh7 Kd4 38. Kb5 Nb4 39. Kxa5 Nd3
40. f3 0-1

[Event "Under 1800"]
[Site "Calgary"]
[Date "2011.09.03"]
[Round "2"]
[White "Jahraus, Brady"]
[Black "Ong, Raymond"]
[Result "1-0"]
[WhiteElo "1427"]
[BlackElo "1742"]
[PlyCount "65"]
[EventDate "2011.09.03"]
[EventType "swiss"]
[EventRounds "5"]
[EventCountry "CAN"]

1. Nf3 d5 2. c4 Nf6 3. d4 c6 4. Nc3 e6 5. e3 Bd6 6. Bd3 O-O 7. O-O Nbd7 8. Re1
Re8 9. e4 dxe4 10. Bxe4 Nxe4 11. Nxe4 Be7 12. Bg5 Bxg5 13. Nfxg5 Nf8 14. c5 Bd7
15. Nf3 Qc7 16. Nd6 Re7 17. Nh4 Bc8 18. Qf3 Kh8 19. Re2 g5 20. Qf6+ Kg8 21.
Nhf5 exf5 22. Rxe7 Qxe7 23. Qxe7 Be6 24. Qxg5+ Kh8 25. Nxf5 Bxf5 26. Qxf5 Re8
27. Qxf7 Rc8 28. Re1 Ng6 29. Qf6+ Kg8 30. Qe6+ Kg7 31. Qxc8 Kf7 32. Qd7+ Kf8
33. Re8# 1-0

[Event "Under 1800"]
[Site "Calgary"]
[Date "2011.09.03"]
[Round "2"]
[White "Stacey, George"]
[Black "Zhang, Derek"]
[Result "0-1"]
[WhiteElo "1005"]
[BlackElo "887"]
[PlyCount "34"]
[EventDate "2011.09.03"]
[EventType "swiss"]
[EventRounds "5"]
[EventCountry "CAN"]

1. e4 e5 2. Nf3 Nc6 3. d4 exd4 4. Nxd4 Nxd4 5. Qxd4 b6 6. Nc3 Bc5 7. Qxg7 Qf6
8. Qg3 Bb7 9. Bd3 O-O-O 10. Bg5 Bxf2+ 11. Qxf2 Qxg5 12. O-O Nh6 13. h3 Rhg8 14.
g4 f5 15. exf5 Nxg4 16. hxg4 Qxg4+ 17. Kh2 Qh5+ 0-1

[Event "Under 1800"]
[Site "Calgary"]
[Date "2011.09.03"]
[Round "2"]
[White "Zhang, Derek"]
[Black "Zhang, Xuyan"]
[Result "0-1"]
[WhiteElo "887"]
[BlackElo "683"]
[PlyCount "54"]
[EventDate "2011.09.03"]
[EventType "swiss"]
[EventRounds "5"]
[EventCountry "CAN"]

1. e4 e5 2. Nf3 Nc6 3. Bb5 Bd6 4. O-O Nf6 5. Nc3 O-O 6. Re1 a6 7. Bxc6 dxc6 8.
d4 exd4 9. Nxd4 Be5 10. Be3 c5 11. Nf3 Qxd1 12. Raxd1 Bxc3 13. bxc3 Nxe4 14.
Bf4 Nxc3 15. Rd3 Nxa2 16. Bxc7 Nb4 17. Rc3 Be6 18. Bd6 Rfc8 19. Bxc5 Na2 20.
Ra3 Rxc5 21. Nd4 Bd5 22. Re5 h6 23. Rxa2 Kf8 24. Ra4 Re8 25. Rxe8+ Kxe8 26. Kf1
b6 27. Rxa6 Bc4+ 0-1

[Event "Under 1800"]
[Site "Calgary"]
[Date "2011.09.04"]
[Round "4"]
[White "Li, Zeling"]
[Black "Stacey, George"]
[Result "1/2-1/2"]
[WhiteElo "1024"]
[BlackElo "1005"]
[PlyCount "28"]
[EventDate "2011.09.03"]
[EventType "swiss"]
[EventRounds "5"]
[EventCountry "CAN"]

1. e4 e5 2. Nf3 Nc6 3. Bc4 Nf6 4. Nc3 Be7 5. Ng5 O-O 6. Nxf7 Rxf7 7. Bxf7+ Kxf7
8. O-O d6 9. d3 Be6 10. Qf3 Nd4 11. Qd1 Kg8 12. Be3 c5 13. Ne2 Nxe2+ 14. Qxe2
d5 1/2-1/2

[Event "Under 1800"]
[Site "Calgary"]
[Date "2011.09.04"]
[Round "4"]
[White "Milne, Arthur"]
[Black "Zhang, Xuyan"]
[Result "1-0"]
[WhiteElo "1764"]
[BlackElo "683"]
[PlyCount "55"]
[EventDate "2011.09.03"]
[EventType "swiss"]
[EventRounds "5"]
[EventCountry "CAN"]

1. e4 e5 2. d4 exd4 3. c3 c5 4. cxd4 cxd4 5. Nf3 Nc6 6. Nbd2 Nf6 7. Bd3 Bd6 8.
O-O O-O 9. Nb3 Qe7 10. Re1 Be5 11. Nxe5 Qxe5 12. f4 Qe6 13. e5 Nd5 14. Qh5 g6
15. Qf3 d6 16. Bc4 Qg4 17. Bxd5 Nb4 18. Nxd4 Qxf3 19. Bxf3 dxe5 20. fxe5 Rd8
21. a3 Rxd4 22. axb4 Rxb4 23. Re4 Rxe4 24. Bxe4 Bf5 25. Bxf5 gxf5 26. Bh6 Re8
27. Rxa7 Rxe5 28. Ra8+ 1-0

[Event "Under 1800"]
[Site "Calgary"]
[Date "2011.09.04"]
[Round "4"]
[White "Wood, Deweese"]
[Black "Zhang, Derek"]
[Result "0-1"]
[WhiteElo "1210"]
[BlackElo "887"]
[PlyCount "89"]
[EventDate "2011.09.03"]
[EventType "swiss"]
[EventRounds "5"]
[EventCountry "CAN"]

1. Nc3 e5 2. e3 d5 3. d4 e4 4. Be2 f5 5. Bh5+ g6 6. Be2 Nf6 7. h3 Bd6 8. Bd2 b6
9. Nb5 c6 10. Nxd6+ Qxd6 11. a3 Ba6 12. Bb4 c5 13. dxc5 bxc5 14. Ba5 Bxe2 15.
Nxe2 Nc6 16. Bc3 O-O 17. Nf4 Rad8 18. g3 g5 19. Bxf6 Rxf6 20. Nh5 Rh6 21. g4 f4
22. Qd2 Ne5 23. O-O-O f3 24. Qc3 d4 25. exd4 cxd4 26. Qb3+ Kh8 27. Qb7 Rg6 28.
Qxe4 Qd5 29. Qxd5 Rxd5 30. Ng3 Rb6 31. Ne4 Nc4 32. Rd3 Nxb2 33. Rb3 Nc4 34.
Rxb6 axb6 35. a4 Nd6 36. Nf6 Ra5 37. h4 Rxa4 38. Kd2 gxh4 39. Rxh4 Kg7 40. Nxh7
Ne4+ 41. Kd3 Nxf2+ 42. Kd2 Ne4+ 43. Kd3 f2 44. Rh1 Ng3 45. Rd1 0-1

[Event "17th Medicine Hat Open"]
[Site "Medicine Hat"]
[Date "2011.09.17"]
[Round "1.1"]
[White "Fitzgerald, Jerry"]
[Black "Rekhson, Vladislav"]
[Result "0-1"]
[WhiteElo "1600"]
[BlackElo "2105"]
[PlyCount "70"]
[EventDate "2011.09.17"]
[EventType "swiss"]
[EventRounds "5"]
[EventCountry "CAN"]

1. e3 d5 2. b3 e5 3. Bb2 Bd6 4. h3 Nf6 5. Be2 O-O 6. Bg4 c5 7. Bxc8 Qxc8 8. d3
Nc6 9. Nd2 Qf5 10. g4 Qe6 11. a3 b5 12. Ne2 a5 13. Ng3 e4 14. d4 cxd4 15. exd4
e3 16. Ndf1 Rfe8 17. Qf3 exf2+ 18. Kxf2 Rac8 19. Ne3 Bxg3+ 20. Kxg3 Qxe3 21.
Raf1 Ne4+ 22. Kg2 Qd2+ 23. Kg1 Ng5 24. Qd3 Qxd3 25. cxd3 Re2 26. Rf2 Rce8 27.
Kg2 Rxf2+ 28. Kxf2 Ne6 29. Re1 f6 30. Bc3 Kf7 31. b4 axb4 32. axb4 Nf4 33. Rxe8
Kxe8 34. h4 Nxd3+ 35. Ke3 Ndxb4 0-1

[Event "17th Medicine Hat Open"]
[Site "Medicine Hat"]
[Date "2011.09.17"]
[Round "1.2"]
[White "Perron, Sean"]
[Black "Viminitz, Paul"]
[Result "1-0"]
[WhiteElo "2078"]
[BlackElo "1574"]
[PlyCount "31"]
[EventDate "2011.09.17"]
[EventType "swiss"]
[EventRounds "5"]
[EventCountry "CAN"]

1. e4 d6 2. d4 Nf6 3. Nc3 g6 4. Be3 Bg7 5. f3 O-O 6. Qd2 c6 7. O-O-O b5 8. Bh6
b4 9. Nce2 Qa5 10. Kb1 Nbd7 11. h4 Bxh6 12. Qxh6 Bb7 13. h5 Nxh5 14. Nh3 Nhf6
15. Ng5 e5 16. Nxh7 1-0

[Event "17th Medicine Hat Open"]
[Site "Medicine Hat"]
[Date "2011.09.17"]
[Round "1.3"]
[White "Davis-Imhof, Peter"]
[Black "Taylor, Bill"]
[Result "0-1"]
[WhiteElo "1568"]
[BlackElo "1892"]
[PlyCount "112"]
[EventDate "2011.09.17"]
[EventType "swiss"]
[EventRounds "5"]
[EventCountry "CAN"]

1. e4 Nf6 2. e5 Nd5 3. d4 d6 4. c4 Nb6 5. Nf3 Nc6 6. Be2 dxe5 7. dxe5 Qxd1+ 8.
Kxd1 Bf5 9. b3 O-O-O+ 10. Nbd2 h6 11. Bb2 e6 12. Nh4 Bh7 13. a3 Be7 14. Nhf3 a5
15. Kc1 g5 16. Nb1 Rd7 17. h3 Rhd8 18. Nc3 Bf8 19. Nb5 Kb8 20. Bc3 Nc8 21. Rd1
Rxd1+ 22. Bxd1 b6 23. Nbd4 N8a7 24. Nb5 Bc5 25. Ra2 Bd3 26. Ne1 Nxb5 27. cxb5
Bxb5 28. Bf3 Na7 29. b4 axb4 30. axb4 Bf8 31. Nc2 Bc4 32. Ra1 Bd5 33. Nd4 Bxf3
34. gxf3 Rd5 35. Kc2 Kb7 36. Kb3 Nb5 37. Nxb5 Rxb5 38. Rd1 Rd5 39. Rg1 Rd3 40.
f4 Be7 41. fxg5 Bxg5 42. h4 Bxh4 43. Rg7 Rf3 44. Rh7 Bxf2 45. Kc2 Be3 46. Kd1
Bg5 47. Be1 Rd3+ 48. Kc2 Rd7 49. Kb3 Kc6 50. Kc4 b5+ 51. Kb3 Kd5 52. Bg3 Ke4
53. Kc2 Rd2+ 54. Kb1 Rg2 55. Rxf7 Rxg3 56. Rxc7 Rb3+ 0-1

[Event "17th Medicine Hat Open"]
[Site "Medicine Hat"]
[Date "2011.09.17"]
[Round "1.4"]
[White "Quiring, John"]
[Black "Longson, Stan"]
[Result "1-0"]
[WhiteElo "1833"]
[BlackElo "1441"]
[PlyCount "107"]
[EventDate "2011.09.17"]
[EventType "swiss"]
[EventRounds "5"]
[EventCountry "CAN"]

1. g3 Nf6 2. Bg2 c6 3. c4 d5 4. Nf3 Bg4 5. O-O Nbd7 6. Qa4 Nb6 7. Qc2 Nxc4 8.
b3 Nd6 9. Bb2 g6 10. d3 Bg7 11. Re1 O-O 12. Nbd2 Re8 13. e4 dxe4 14. dxe4 Nd7
15. Bxg7 Kxg7 16. e5 Nb5 17. h3 Bf5 18. Qb2 Be6 19. Rad1 Qa5 20. Ng5 Qc3 21.
Nxe6+ fxe6 22. Qb1 Na3 23. Qe4 Nc5 24. Qg4 Rad8 25. b4 Rxd2 26. bxc5 Rxd1 27.
Rxd1 Qxe5 28. Qb4 Nb5 29. Rd7 b6 30. Bxc6 Nc7 31. Rxc7 Qxc7 32. Bxe8 Qxc5 33.
Qxc5 bxc5 34. Kf1 Kf6 35. Ke2 e5 36. Kd3 Ke6 37. Kc4 Kd6 38. h4 a6 39. g4 e4
40. Bxg6 hxg6 41. h5 gxh5 42. gxh5 Ke6 43. Kxc5 Kf6 44. Kd4 Kg5 45. Kxe4 Kxh5
46. Ke5 Kg6 47. Ke6 Kg5 48. Kxe7 Kf4 49. Kd6 Kf3 50. Kc6 Kxf2 51. Kb6 Ke3 52.
Kxa6 Kd4 53. Kb6 Kc4 54. a4 1-0

[Event "17th Medicine Hat Open"]
[Site "Medicine Hat"]
[Date "2011.09.17"]
[Round "1.5"]
[White "Scholz, Mike"]
[Black "Bentley, Bill"]
[Result "0-1"]
[WhiteElo "1363"]
[BlackElo "1813"]
[PlyCount "64"]
[EventDate "2011.09.17"]
[EventType "swiss"]
[EventRounds "5"]
[EventCountry "CAN"]

1. e4 e6 2. d4 d5 3. e5 c5 4. Bb5+ Bd7 5. Bxd7+ Qxd7 6. c3 Nc6 7. Nf3 Nh6 8.
Bxh6 gxh6 9. O-O cxd4 10. cxd4 Bg7 11. Nc3 a6 12. Na4 Qe7 13. Qb3 b5 14. Nb6
Rb8 15. Nxd5 exd5 16. Qxd5 Nd8 17. Qd6 Qxd6 18. exd6 Kd7 19. Rad1 Kxd6 20. Rfe1
Bf6 21. b3 Rc8 22. Rc1 Rxc1 23. Rxc1 Ne6 24. Rd1 Rg8 25. b4 Rg4 26. d5 Ng5 27.
Nxg5 hxg5 28. a3 h5 29. h3 Rd4 30. Rxd4 Bxd4 31. Kf1 Kxd5 32. Ke2 Bb2 0-1

[Event "17th Medicine Hat Open"]
[Site "Medicine Hat"]
[Date "2011.09.17"]
[Round "1.6"]
[White "Schibler, Jordan"]
[Black "Berndtsson, Kurt"]
[Result "1-0"]
[WhiteElo "1774"]
[BlackElo "1279"]
[PlyCount "113"]
[EventDate "2011.09.17"]
[EventType "swiss"]
[EventRounds "5"]
[EventCountry "CAN"]

1. d4 Nf6 2. c4 e6 3. g3 d5 4. Bg2 Nbd7 5. cxd5 exd5 6. Nc3 Nb6 7. Bg5 Bb4 8.
Nf3 Bxc3+ 9. bxc3 h6 10. Bf4 Nc4 11. Ne5 Nxe5 12. Bxe5 c6 13. O-O Bf5 14. f3
Qe7 15. e4 Be6 16. Bxf6 gxf6 17. exd5 Bxd5 18. Re1 Be6 19. f4 f5 20. Qe2 O-O
21. Qh5 Kh7 22. Bh3 Qf6 23. Re5 Qg6 24. Bxf5 Bxf5 25. Qxf5 Qxf5 26. Rxf5 Kg6
27. Re5 f6 28. Re7 Rf7 29. f5+ Kg7 30. Rae1 b5 31. Kf2 Kf8 32. R7e6 Rc8 33. Rd6
a5 34. Ree6 c5 35. d5 c4 36. Rc6 Rxc6 37. Rxc6 Kg7 38. Rb6 b4 39. cxb4 c3 40.
Ke2 axb4 41. Rxb4 c2 42. Kd2 Rc7 43. Kc1 Re7 44. d6 Re1+ 45. Kxc2 Re8 46. d7
Rd8 47. Rd4 Kf7 48. Kc3 Ke7 49. Kc4 Rxd7 50. Rxd7+ Kxd7 51. Kd5 h5 52. h4 Ke7
53. Kc6 Kd8 54. Kd6 Ke8 55. Ke6 Kd8 56. Kxf6 Kd7 57. Kg5 1-0